| 000 | 00547nam a2200169 i 4500 | ||
|---|---|---|---|
| 001 | bg | ||
| 245 | 0 |
_aChaos w nieliniowej machanice : _bpraca zbiorowa / _cred. nauk. Wanda Szemplińska-Stupnicka. |
|
| 260 |
_aWarszawa, _c1985. |
||
| 490 | 1 |
_aPrace Instytutu Podstawowych Problemów Techniki PAN ; _v28 |
|
| 700 | 1 |
_aSzemplińska-Stupnicka, Wanda. _eRed. nauk |
|
| 830 | _aPrace Instytutu Podstawowych Problemów Techniki PAN ; | ||
| 040 | _cBPK | ||
| 041 | _apol | ||
| 080 | _a531 | ||
| 942 | _cKS | ||
| 008 | s pl f |000 0 pol | ||
| 999 |
_c23130 _d23130 |
||
| 856 |
_uhttp://koha.tu.koszalin.pl/cgi-bin/koha/opac-detail.pl?biblionumber=23130 _yKatalog online BPK |
||